Landscape archaeology in the near east : approaches, methods and case studies /

Collected papers from the 3rd symposium of the the Society for Near Eastern Landscape Archaeology. Ranging from the Palaeolithic to the classical Near East, papers consider settlement and movement for trade with an overarching theme around the conservation of important archaeological landscapes and...

وصف كامل

محفوظ في:

مؤلف مشترك: Society for Near Eastern Landscape Archaeology Symposium

مؤلفون آخرون: Arikan, Bülent (المحرر), Olsvig-Whittaker, Linda (المحرر)

التنسيق: وقائع المؤتمر كتاب الكتروني

اللغة: English

منشور في: Oxford : Archaeopress Archaeology, 2023.

الموضوعات:

الوصول للمادة أونلاين: Login to view Source

الوسوم: إضافة وسم

لا توجد وسوم, كن أول من يضع وسما على هذه التسجيلة!

رقم الطلب: CC77.L35

LEADER 01973nam a2200409 i 4500
001 EDZ0002954394
003 StDuBDS
005 20230412183456.0
006 m|||||o||d||||||||
007 cr |||||||||||
008 221213s2023 enka fob 100|0|eng|d
020 |a 9781803273570 (PDF ebook) :  |c No price 
040 |a StDuBDS  |b eng  |c StDuBDS  |e rda  |e pn 
050 4 |a CC77.L35 
082 0 4 |a 939.4  |2 23 
111 2 |a Society for Near Eastern Landscape Archaeology Symposium  |n (3rd),  |j creator. 
245 1 0 |a Landscape archaeology in the near east :  |b approaches, methods and case studies /  |c Bülent Arikan and Linda Olsvig-Whittaker. 
264 1 |a Oxford :  |b Archaeopress Archaeology,  |c 2023. 
300 |a 1 online resource :  |b illustrations (colour) 
336 |a text  |2 rdacontent 
336 |a still image  |2 rdacontent 
337 |a computer  |2 rdamedia 
338 |a online resource  |2 rdacarrier 
500 |a Conference proceedings. 
500 |a Also issued in print: 2023. 
504 |a Includes bibliographical references. 
520 8 |a Collected papers from the 3rd symposium of the the Society for Near Eastern Landscape Archaeology. Ranging from the Palaeolithic to the classical Near East, papers consider settlement and movement for trade with an overarching theme around the conservation of important archaeological landscapes and developing technology for the study of landscapes. 
521 |a Specialized. 
588 |a Description based on online resource; title from PDF title page (viewed on January 16, 2023). 
650 0 |a Landscape archaeology  |z Middle East  |v Congresses. 
700 1 |a Arikan, Bülent,  |e editor. 
700 1 |a Olsvig-Whittaker, Linda,  |e editor. 
776 0 8 |i Print version :  |z 9781803273563 
856 4 0 |u http://library.arce.org:8087/Archaeopress/Products/9781803273563 
942 |2 lcc  |c EBOOK 
952 |0 0  |1 0  |4 0  |6 CC0077 L35  |7 1  |9 47015  |a ARCH  |b ARCH  |d 2023-04-12  |l 0  |o CC77.L35  |r 2023-04-12 00:00:00  |w 2023-04-12  |y EBOOK 
999 |c 52673  |d 52673